Les 50... Oiseaux - Statistiques

Statistiques générales
  • Ce quiz a été pris 432 fois
  • Le résultat moyen est 35 sur 50
Statistiques - réponses
Par images Réponse % Correct
Pigeon
98%
Canard
95%
Merle
95%
Pie
94%
Rougegorge
94%
Chouette
93%
Corbeau
93%
Mouette
93%
Oie
93%
Vautour
92%
Faisan
91%
Cigogne
90%
Faucon
88%
Colombe
87%
Hirondelle
87%
Goéland
85%
Buse
84%
Moineau
84%
Corneille
83%
Héron
82%
Martin-pêcheur
82%
Pic Vert
80%
Tourterelle
79%
Cormoran
74%
Poule d'eau
73%
Geai
71%
Pinson
67%
Aigle Royal
66%
Grue
65%
Etourneau
63%
Coucou
60%
Huppe
60%
Grive
59%
Epervier
58%
Bécasse
56%
Effraie
56%
Chardonneret
55%
Martinet
55%
Perdrix
55%
Milan
53%
Bernache
52%
Rossignol
45%
Rougequeue
45%
Alouette
42%
Verdier
42%
Vanneau
37%
Grimpereau
30%
Troglodyte mignon
29%
Bruant
28%
Tarin
24%
Aucun quiz correspondant
Distribution des résultats
% des personnes avec chaque résultat
Percentile par nombre de réponses
Votre historique - résultats
Vous n’avez pas pris ce quiz